Biografía histórica de Osorno

Guardat en:
Dades bibliogràfiques
Autor principal: Peralta Vidal, Juan Gabriel (autor)
Format: Llibre
Idioma:espanyol
Publicat: Osorno Liceo José Toribio Medina de Río Negro 1995
Matèries:
Etiquetes: Afegir etiqueta
Sense etiquetes, Sigues el primer a etiquetar aquest registre!

MARC

LEADER 00000cam a2200000 a 4500
001 UCF0037
003 CL-VaPUC
008 120423e19950000CL |||||||||||||||||spa|d
082 0 4 |a 983.53  |b PER  |2 21 
100 |a Peralta Vidal, Juan Gabriel  |e autor  |9 561842 
245 1 0 |a Biografía histórica de Osorno 
300 |a 344 p 
942 |c BK 
945 |d 20120423 00:00:00  |a dcastane 
260 |a Osorno  |b Liceo José Toribio Medina de Río Negro  |c 1995 
650 0 |a Ciudades  |9 265474 
650 0 |a Historia de Chile  |9 265473 
650 0 |a Historia local  |9 266584 
583 |a last modification  |c 20120904 04:42:16  |k Rodrigo Vera 
999 |c 347543  |d 347541 
952 |0 0  |1 0  |4 0  |6 983_530000000000000_PER_1995  |7 0  |8 A  |9 448965  |a BIBHIS  |b BIBHIS  |d 2019-11-22  |i 4854667  |o 983.53 PER 1995  |p 4854667  |r 2025-01-20  |w 2019-11-22  |y BK  |k HIS